Central Library OPAC University of Rajshahi

Climate modeling, drought risk assessment and adaptation strategies in the Western part of Bangladesh / (Record no. 81115)

MARC details
000 -LEADER
fixed length control field 01054nam a22002537a 4500
001 - CONTROL NUMBER
RUCL Control Number 81115
003 - CONTROL NUMBER IDENTIFIER
rucl marc code BD-RjUL
005 - DATE AND TIME OF LATEST TRANSACTION
control field 20230122190412.0
008 - FIXED-LENGTH DATA ELEMENTS--GENERAL INFORMATION
fixed length control field 230122s2014 bg a|||| m||| 00| 0 eng d
035 ## - SYSTEM CONTROL NUMBER
system control number (BD-RjUL)81115
040 ## - CATALOGING SOURCE
Original cataloging agency BD-RjUL
Language of cataloging eng
Transcribing agency BD-RjUL
Modifying agency BD-RjUL
041 ## - LANGUAGE CODE
Language code of Book eng
082 ## - DEWEY DECIMAL CLASSIFICATION NUMBER
DDC Edition number 23
Classification number 363.34929
Author mark and Year KAC 2014
100 ## - MAIN ENTRY--PERSONAL NAME
Personal name Kamruzzaman, Md.
245 10 - TITLE STATEMENT
Title Climate modeling, drought risk assessment and adaptation strategies in the Western part of Bangladesh /
Statement of responsibility, etc Md.Kamruzzaman ;
Name of Supervisor/Co-Supervisor Supervisor : Chowdhury, Sarwar Jahan, Co-Supervisor : M. sayedur Rahman,
260 ## - PUBLICATION, DISTRIBUTION, ETC. (IMPRINT)
Place of publication, distribution, etc Rajshahi :
Name of publisher, distributor, etc Institute of Bangladesh Studies, University of Rajshahi,
Date of publication, distribution, etc 2014
300 ## - PHYSICAL DESCRIPTION
Pagination xix, 245 leaves :
Other physical details ill, ;
Dimensions 29.cm.
502 ## - DISSERTATION NOTE
Dissertation note Thesis (Ph. D.) -- Institute of Bangladesh Studies, University of Rajshahi, 2014
504 ## - BIBLIOGRAPHY, ETC. NOTE
Bibliography, etc Bibliography : Leaves 164 - 189
650 ## - SUBJECT ADDED ENTRY--TOPICAL TERM
Topical term or geographic name as entry element Droughts
Form subdivision Other social problems and services
9 (RLIN) 6677
700 ## - ADDED ENTRY--SUPERVISOR/CO-SUPERVISOR NAME
Personal name Jahan, Chowdhury, Sarwar, Supervisor
9 (RLIN) 4542
Personal name Rahman, M. sayedur, Co-Supervisor
9 (RLIN) 6678
942 ## - ADDED ENTRY ELEMENTS (KOHA)
Source of classification or shelving scheme Dewey Decimal Classification
Koha item type Theses
Holdings
Source of classification or shelving scheme Damaged status Not for loan Collection code Permanent Location Current Location Shelving location Date of accession Source of acquisition Total Checkouts Full call number Barcode Date last seen Copy number Thesis
Dewey Decimal Classification   Not For Loan Theses Central Library, University of Rajshahi Central Library, University of Rajshahi Documentation Section 13/12/2014 Controller of Exam. R.U.   THE 363.34929 KAC 2014 D3697 22/01/2023 C-1 Theses